00418nam a2200133Ia 4500008004100000100001800041245005700059245003900116260004900155260000900204300001100213650001300224856004700237170221s9999 xx 000 0 und d aJeff Haldeman 4aThe learning organization: from dysfunction to grace cJeff Haldeman, Webster University. bJournal of Management and Marketing Research c2012 a20 : 1 xBusiness uhttp://www.aabri.com/manuscripts/11953.pdf